Sports Quiz

Random Sports or MLB Quiz
Score 0/297 Timer 20:00
0 Plays Today
Hint Answer % Correct
2019Javier Baez
99.2%
2019Anthony Rizzo
99.2%
2019Kris Bryant
99.2%
2018Kris Bryant
98.3%
2017Kris Bryant
98.3%
2016Kris Bryant
98.3%
2015Kris Bryant
98.3%
2018Anthony Rizzo
97.8%
2017Anthony Rizzo
97.8%
2016Anthony Rizzo
97.8%
2015Anthony Rizzo
97.8%
2014Anthony Rizzo
97.8%
2013Anthony Rizzo
97.8%
1997Ryne Sandberg
95.6%
1996Ryne Sandberg
95.6%
1993Ryne Sandberg
95.6%
1992Ryne Sandberg
95.6%
1991Ryne Sandberg
95.6%
1990Ryne Sandberg
95.6%
1989Ryne Sandberg
95.6%
1988Ryne Sandberg
95.6%
1987Ryne Sandberg
95.6%
1986Ryne Sandberg
95.6%
1985Ryne Sandberg
95.6%
1984Ryne Sandberg
95.6%
1983Ryne Sandberg
95.6%
1982Ryne Sandberg
95.6%
2019Jason Heyward
95%
2004Sammy Sosa
94.2%
2003Sammy Sosa
94.2%
2002Sammy Sosa
94.2%
2001Sammy Sosa
94.2%
2000Sammy Sosa
94.2%
1999Sammy Sosa
94.2%
1998Sammy Sosa
94.2%
1997Sammy Sosa
94.2%
1996Sammy Sosa
94.2%
1995Sammy Sosa
94.2%
1994Sammy Sosa
94.2%
1993Sammy Sosa
94.2%
2019Kyle Schwarber
93.4%
1974Billy Williams
93.1%
1973Billy Williams
93.1%
1972Billy Williams
93.1%
1971Billy Williams
93.1%
1970Billy Williams
93.1%
1969Billy Williams
93.1%
1968Billy Williams
93.1%
1973Ron Santo
92.8%
1972Ron Santo
92.8%
1971Ron Santo
92.8%
1970Ron Santo
92.8%
1969Ron Santo
92.8%
1968Ron Santo
92.8%
2018Javier Baez
92.5%
2017Javier Baez
92.5%
2016Javier Baez
92.5%
1969Ernie Banks
92.2%
1968Ernie Banks
92.2%
2010Derrek Lee
91.7%
2009Derrek Lee
91.7%
2008Derrek Lee
91.7%
2007Derrek Lee
91.7%
2005Derrek Lee
91.7%
2004Derrek Lee
91.7%
2000Mark Grace
91.4%
1999Mark Grace
91.4%
1998Mark Grace
91.4%
1997Mark Grace
91.4%
1996Mark Grace
91.4%
1995Mark Grace
91.4%
1994Mark Grace
91.4%
1993Mark Grace
91.4%
1992Mark Grace
91.4%
1991Mark Grace
91.4%
1990Mark Grace
91.4%
1989Mark Grace
91.4%
1988Mark Grace
91.4%
2011Aramis Ramirez
90.6%
2010Aramis Ramirez
90.6%
2008Aramis Ramirez
90.6%
2007Aramis Ramirez
90.6%
2006Aramis Ramirez
90.6%
2005Aramis Ramirez
90.6%
2004Aramis Ramirez
90.6%
2018Ben Zobrist
89.2%
2017Ben Zobrist
89.2%
2016Ben Zobrist
89.2%
2018Jason Heyward
88.6%
2017Jason Heyward
88.6%
2016Jason Heyward
88.6%
1992Andre Dawson
87.5%
1991Andre Dawson
87.5%
1990Andre Dawson
87.5%
1989Andre Dawson
87.5%
1988Andre Dawson
87.5%
1987Andre Dawson
87.5%
2018Addison Russell
86.7%
2016Addison Russell
86.7%
Hint Answer % Correct
2015Starlin Castro
86.7%
2015Addison Russell
86.7%
2014Starlin Castro
86.7%
2013Starlin Castro
86.7%
2012Starlin Castro
86.7%
2011Starlin Castro
86.7%
2010Starlin Castro
86.7%
2018Kyle Schwarber
85.3%
1987Jody Davis
82.2%
1986Jody Davis
82.2%
1985Jody Davis
82.2%
1984Jody Davis
82.2%
1983Jody Davis
82.2%
1982Jody Davis
82.2%
2004Moises Alou
81.9%
2003Moises Alou
81.9%
2002Moises Alou
81.9%
2008Reed Johnson
80.6%
1989Dwight Smith
80.6%
2016Dexter Fowler
79.7%
2015Dexter Fowler
79.7%
1987Leon Durham
79.7%
1986Leon Durham
79.7%
1985Leon Durham
79.7%
1984Leon Durham
79.7%
1982Leon Durham
79.7%
2012Alfonso Soriano
79.4%
2011Alfonso Soriano
79.4%
2010Alfonso Soriano
79.4%
2009Alfonso Soriano
79.4%
2008Alfonso Soriano
79.4%
2007Alfonso Soriano
79.4%
1997Shawon Dunston
79.2%
1995Shawon Dunston
79.2%
1991Shawon Dunston
79.2%
1990Shawon Dunston
79.2%
1989Shawon Dunston
79.2%
1988Shawon Dunston
79.2%
1986Shawon Dunston
79.2%
1983Bill Buckner
78.1%
1982Bill Buckner
78.1%
1981Bill Buckner
78.1%
1980Bill Buckner
78.1%
1979Bill Buckner
78.1%
1978Bill Buckner
78.1%
1977Bill Buckner
78.1%
2003Alex Gonzalez
77.8%
2002Alex Gonzalez
77.8%
2007Jacque Jones
77.2%
2006Jacque Jones
77.2%
1996Luis Gonzalez
76.7%
2018Willson Contreras
76.4%
2017Willson Contreras
76.4%
1979Dave Kingman
76.4%
1978Dave Kingman
76.4%
1999Henry Rodriguez
72.5%
1998Henry Rodriguez
72.5%
1985Ron Cey
70.6%
1984Ron Cey
70.6%
1983Ron Cey
70.6%
1980Jerry Martin
70%
1979Jerry Martin
70%
2008Geovany Soto
69.7%
1991George Bell
69.7%
1969Randy Hundley
69.4%
1968Randy Hundley
69.4%
1984Gary Matthews
68.1%
1975Don Kessinger
66.9%
1974Don Kessinger
66.9%
1973Don Kessinger
66.9%
1972Don Kessinger
66.9%
1971Don Kessinger
66.9%
1970Don Kessinger
66.9%
1969Don Kessinger
66.9%
1968Don Kessinger
66.9%
1976Bill Madlock
66.4%
1975Bill Madlock
66.4%
1974Bill Madlock
66.4%
1987Keith Moreland
65.8%
1986Keith Moreland
65.8%
1985Keith Moreland
65.8%
1984Keith Moreland
65.8%
1983Keith Moreland
65.8%
1982Keith Moreland
65.8%
1980Ivan DeJesus
65.8%
1979Ivan DeJesus
65.8%
1978Ivan DeJesus
65.8%
1977Ivan DeJesus
65.8%
1976Rick Monday
65.8%
1975Rick Monday
65.8%
1974Rick Monday
65.8%
1973Rick Monday
65.8%
1972Rick Monday
65.8%
1990Jerome Walton
65.6%
1989Jerome Walton
65.6%
2012David DeJesus
65.3%
1983Larry Bowa
65.3%
1982Larry Bowa
65.3%
1998Jose Hernandez
65%
Hint Answer % Correct
2018Albert Almora
63.9%
2000Joe Girardi
63.3%
1990Joe Girardi
63.3%
2006Juan Pierre
62.8%
2010Ryan Theriot
62.5%
2009Ryan Theriot
62.5%
2008Ryan Theriot
62.5%
2007Ryan Theriot
62.5%
1995Rey Sanchez
62.2%
1985Bob Dernier
62.2%
1984Bob Dernier
62.2%
2005Todd Walker
61.9%
2004Todd Walker
61.9%
2006Michael Barrett
61.4%
2005Michael Barrett
61.4%
2004Michael Barrett
61.4%
2001Eric Young
60.8%
2000Eric Young
60.8%
1987Dave Martinez
60.8%
1993Rick Wilkins
60.6%
1972Glenn Beckert
60.6%
1971Glenn Beckert
60.6%
1970Glenn Beckert
60.6%
1969Glenn Beckert
60.6%
1968Glenn Beckert
60.6%
2002Fred McGriff
58.6%
2004Corey Patterson
58.3%
2002Corey Patterson
58.3%
1998Brant Brown
58.3%
2003Mark Grudzielanek
57.5%
2013Welington Castillo
57.2%
2009Kosuke Fukudome
56.1%
2008Kosuke Fukudome
56.1%
1988Rafael Palmeiro
56.1%
1978Manny Trillo
55.3%
1977Manny Trillo
55.3%
1976Manny Trillo
55.3%
1975Manny Trillo
55.3%
2011Carlos Pena
54.4%
2013Darwin Barney
52.8%
2012Darwin Barney
52.8%
2011Darwin Barney
52.8%
2005Neifi Perez
52.5%
1999Mickey Morandini
51.7%
1998Mickey Morandini
51.7%
1997Brian McRae
51.4%
1996Brian McRae
51.4%
1995Brian McRae
51.4%
1978Bobby Murcer
51.4%
1977Bobby Murcer
51.4%
2008Mark DeRosa
51.1%
2007Mark DeRosa
51.1%
1988Vance Law
50.8%
1972Jim Hickman
49.7%
1970Jim Hickman
49.7%
1976Jose Cardenal
47.8%
1975Jose Cardenal
47.8%
1974Jose Cardenal
47.8%
1973Jose Cardenal
47.8%
1972Jose Cardenal
47.8%
1993Steve Buechele
47.5%
2011Marlon Byrd
47.2%
2010Marlon Byrd
47.2%
1983Mel Hall
46.4%
1993Derrick May
44.7%
2009Milton Bradley
43.3%
1997Kevin Orie
43.1%
1990Luis Salazar
42.8%
1979Scot Thompson
42.8%
1977Jerry Morales
42.8%
1976Jerry Morales
42.8%
1975Jerry Morales
42.8%
1974Jerry Morales
42.8%
2006Ronny Cedeno
41.4%
1982Bump Wills
41.4%
1979Steve Ontiveros
41.4%
1977Steve Ontiveros
41.4%
2002Mark Bellhorn
41.1%
1997Scott Servais
41.1%
1996Scott Servais
41.1%
2001Ricky Gutierrez
40.8%
2000Ricky Gutierrez
40.8%
2005Jeromy Burnitz
40.6%
1971Joe Pepitone
40.3%
2017Jon Jay
40%
2014Luis Valbuena
39.7%
2006Matt Murton
38.9%
1993Jose Vizcaino
38.9%
1968Adolfo Phillips
38.1%
2013Nate Schierholtz
37.2%
1997Doug Glanville
36.9%
2015Chris Coghlan
36.4%
2014Chris Coghlan
36.4%
1979Barry Foote
35.8%
1977Larry Biittner
35.8%
1987Jerry Mumphrey
35.3%
1975Andre Thornton
35%
2000Damon Buford
33.1%
1980Lenny Randle
27.2%
Remove Ads.
Support Sporcle.
Get the best of Sporcle when you Go Orange. This ad-free experience offers more features, more stats, and more fun while also helping to support Sporcle. Thank you for becoming a member.

You're not logged in!

Compare scores with friends on all Sporcle quizzes.
OR
Log In

Show Comments

Extras

Top Quizzes Today


Score Distribution

Your Account Isn't Verified!

In order to create a playlist on Sporcle, you need to verify the email address you used during registration. Go to your Sporcle Settings to finish the process.

Report this User

Report this user for behavior that violates our Community Guidelines.

Details: